University Home | Library Home | Institutional Repository

BD Chaurasia's human anatomy : (Record no. 216226)

MARC details
000 -LEADER
fixed length control field 00713nam a22002297a 4500
005 - DATE AND TIME OF LATEST TRANSACTION
control field 20260131122903.0
008 - FIXED-LENGTH DATA ELEMENTS--GENERAL INFORMATION
fixed length control field 260131b ||||| |||| 00| 0 eng d
020 ## - INTERNATIONAL STANDARD BOOK NUMBER
International Standard Book Number 8123911556
040 ## - CATALOGING SOURCE
Original cataloging agency LC
Transcribing agency UNZA
Description conventions RDA
050 ## - LIBRARY OF CONGRESS CALL NUMBER
Classification number QM 548
Item number CHA 2004
100 ## - MAIN ENTRY--PERSONAL NAME
Personal name Chaurasia, BD
Relator term author
245 ## - TITLE STATEMENT
Title BD Chaurasia's human anatomy :
Remainder of title regional and applied dissection and clinical : volume 1, upper limb and thorax /
Statement of responsibility, etc. BD Chaurasia.
250 ## - EDITION STATEMENT
Edition statement Fourth edition.
260 ## - PUBLICATION, DISTRIBUTION, ETC.
Place of publication, distribution, etc. New Delhi :
Name of publisher, distributor, etc. CBS Publishers & Distributors,
Date of publication, distribution, etc. 2004.
300 ## - PHYSICAL DESCRIPTION
Extent xv, 288 pages :
Other physical details illustrations.
336 ## - CONTENT TYPE
CONTENT TYPE Text
337 ## - MEDIA TYPE
MEDIA TYPE Unmediated
338 ## - CARRIER TYPE
CARRIER TYPE Volume
504 ## - BIBLIOGRAPHY, ETC. NOTE
Bibliography, etc. note Includes index.
650 ## - SUBJECT ADDED ENTRY--TOPICAL TERM
Topical term or geographic name entry element Human anatomy.
999 ## -
-- 216226
-- 216226
942 ## - ADDED ENTRY ELEMENTS (KOHA)
Koha item type Book
Holdings
Withdrawn status Lost status Source of classification or shelving scheme Damaged status Not for loan Home library Current library Shelving location Date acquired Total Checkouts Total Renewals Full call number Barcode Checked out Date last seen Date last checked out Copy number Price effective from Koha item type
    Library of Congress Classification     Medical Library Medical Library On Shelf 01/31/2026 2 1 QM 548 CHA 2004 33729004842519 04/20/2026 04/06/2026 04/06/2026 1 01/31/2026 Book
    Library of Congress Classification     Medical Library Vet Medicine Library On Shelf 01/31/2026 1 1 QM 548 CHA 2004 33729004842501   04/16/2026 03/20/2026 2 01/31/2026 Book
© 2026 - The University of Zambia Library - Koha v25.11